000 00921nmm a2200265 a 4500
001 ocm0001221558
003 TR-IsHL
005 20201028155140.0
008 110704s2002 tu tur
007 cr cn
020 _a9789755126708
035 _a1221558
_b(N$T)
050 0 4 _aHF5548.32
_bS67 2002
090 0 4 _aHF5548.32
_bS67 2002
245 1 0 _aSorularla internet ve e-ticaret rehberi
_h[electronic resource] /
_chaz. Nuray Korkmaz
260 _aİstanbul :
_bİstanbul Ticaret Odası,
_c2002
300 _a104 p.
650 4 _aEkonomi ve Finans
650 4 _aEconomics and Finance
650 0 _aElektronik ticaret
650 0 _aElectronic commerce
650 7 _aCOMPUTERS / Electronic Commerce (see also headings underBUSINESS & ECONOMICS / E-Commerce)
_2bisacsh
700 1 _aKorkmaz, Nuray
856 4 0 _uhttp://search.ebscohost.com/login.aspx?direct=true&scope=site&db=e011xww&AN=1221558
999 _c12940
_d12940